Adjectifs en polonais - Statistiques

Statistiques générales
  • Ce quiz a été pris 11 fois
  • Le résultat moyen est 18 sur 36
Statistiques - réponses
Adjectifs en français Traduction en polonais % Correct
mauvais zły
88%
blanc biały
75%
noir czarny
75%
rouge czerwony
75%
petit mały
75%
bleu niebieski
75%
nouveau nowy
75%
vieux stary
75%
gris szary
75%
jaune żółty
75%
bon dobry
63%
grand duży
63%
triste smutny
63%
difficile trudny
63%
vert zielony
63%
marron brązowy
50%
sale brudny
50%
intéressant ciekawy
50%
long długi
50%
léger lekki
50%
beau piękny
50%
fort silny
50%
laid brzydki
38%
court krótki
38%
faible słaby
38%
rapide szybki
38%
bon marché tani
38%
important ważny
38%
grand (taille) wysoki
38%
lourd ciężki
25%
cher drogi
25%
petit (taille) niski
25%
ennuyeux nudny
25%
propre czysty
13%
étroit wąski
13%
lent wolny
13%
Aucun quiz correspondant
Distribution des résultats
% des personnes avec chaque résultat
Percentile par nombre de réponses
Votre historique - résultats
Vous n’avez pas pris ce quiz